000
00217 a2200097 4500
001
32658
100
_a
Dornberg, J
245
_a
Tambur laine the con
260
_a
London
_b
Hodder & Stoughton
_c
090
_c
21871
_d
21871
942
_a
NUST-CAE
_c
_c
13193
999
_c
267731
_d
267731